01818 a2200229 45000010006000000050017000060080041000230030015000640400040000790800026001192450018001450200018001632640034001813000024002155051140002390410008013791000029013877000018014167000028014347000027014628560099014894488320260407155723.0260407a1985 arg spa dAR-UNSa-BCEJYS aAR-UNSa-BCEJYSbspacAR-UNSa-BCEJYS a330.43xEconometría10aEconometría a968-451-675-4 1aMéxico :bMcGraw-Hillc1985 axii, 546 p.c23 cm. aParte I: Introducción: 1. Datos, variables y modelos – Parte II: Introducción a la probabilidad y la inferencia estadística: 2. Probabilidad – 3. Variables aleatorias y distribuciones de probabilidad – 4. Inferencia estadística clásica – 5. Inferencia bayesiana y teoría de la decisión – Parte III: Introducción a los métodos econométricos: 6. Medidas descriptivas – 7. Regresión lineal simple – 8. Regresión múltiple – 9. Variables ficticias, variables retardadas y no linealidades en la regresión múltiple – 10. Algunos temas adicionales en la regresión múltiple – 11. Introducción a los modelos de ecuaciones simultáneas – Parte IV: Tratamiento adicional de temas seleccionados: 12. Heterocedasticidad y autocorrelación – 13. Errores en variables y perturbaciones no normales – 14. Análisis de la covarianza y combinación de datos de sección cruzada y series temporales – 15. Tendencia, variación estacional y predicción – 16. Modelos de retardos distribuidos – 17. Modelos de parámetros cambiantes – 18. Métodos bayesianos en econometría -  aspa1 aContreras Garcia, Javier1 aMaddala, G.S.1 aLozano López, Vicente1 aGarcia Ferrer, Antonio41uhttps://www.biblioeco.unsa.edu.ar/pmb/images/libros/L127014.jpgyImagen de portadaqimage/jpeg